Pediatric and Congenital Cardiac Care Volume 1: Outcomes Analysis /

This book is the first in a two-volume set of textbooks and focuses on outcomes analysis in pediatric cardiac care, supporting the coverage of quality improvement and patient safety in its sister title. There has been a huge research effort undertaken in pediatric and congenital cardiac care to unde...

Full description

Bibliographic Details
Corporate Author: SpringerLink (Online service)
Other Authors: Barach, Paul R. (Editor), Jacobs, Jeffery P. (Editor), Lipshultz, Steven E. (Editor), Laussen, Peter C. (Editor)
Format: Electronic eBook
Language:English
Published: London : Springer London : Imprint: Springer, 2015.
Subjects:
Online Access:Full Text via HEAL-Link
LEADER 03096nam a22005175i 4500
001 978-1-4471-6587-3
003 DE-He213
005 20151204175220.0
007 cr nn 008mamaa
008 141204s2015 xxk| s |||| 0|eng d
020 |a 9781447165873  |9 978-1-4471-6587-3 
024 7 |a 10.1007/978-1-4471-6587-3  |2 doi 
040 |d GrThAP 
050 4 |a RC681-688.2 
072 7 |a MJD  |2 bicssc 
072 7 |a MED010000  |2 bisacsh 
082 0 4 |a 616.12  |2 23 
245 1 0 |a Pediatric and Congenital Cardiac Care  |h [electronic resource] :  |b Volume 1: Outcomes Analysis /  |c edited by Paul R. Barach, Jeffery P. Jacobs, Steven E. Lipshultz, Peter C. Laussen. 
264 1 |a London :  |b Springer London :  |b Imprint: Springer,  |c 2015. 
300 |a XXII, 515 p. 100 illus., 52 illus. in color.  |b online resource. 
336 |a text  |b txt  |2 rdacontent 
337 |a computer  |b c  |2 rdamedia 
338 |a online resource  |b cr  |2 rdacarrier 
347 |a text file  |b PDF  |2 rda 
520 |a This book is the first in a two-volume set of textbooks and focuses on outcomes analysis in pediatric cardiac care, supporting the coverage of quality improvement and patient safety in its sister title. There has been a huge research effort undertaken in pediatric and congenital cardiac care to understand and measure what is done, to establish collaborative definitions and tools of measurement, and to determine robust benchmarks and methodologies to analyze outcomes. This book concentrates on implementation science in terms of continuous quality improvements and safety science and systems. Pediatric and Congenital Cardiac Care: Volume 1 – Outcomes Analysis reveals the remarkable developments that have been seen in the fields of pediatric cardiology and cardiac surgery. This unique collaboration between four Editors from disparate medical disciplines (cardiac surgery, cardiology, anesthesia, and critical care) incorporates an international community of scholarship with articles by luminaries and cutting edge thinkers on the current and future status of pediatric and congenital cardiac care. The goal of this and its companion volume is to understand and advance the profession and its activities, to use common terms, and to improve the management of risk and safety in order to enhance pediatric and congenital cardiac care. 
650 0 |a Medicine. 
650 0 |a Cardiology. 
650 0 |a Pediatrics. 
650 0 |a Cardiac surgery. 
650 0 |a Medical research. 
650 0 |a Quality of life. 
650 1 4 |a Medicine & Public Health. 
650 2 4 |a Cardiology. 
650 2 4 |a Cardiac Surgery. 
650 2 4 |a Pediatrics. 
650 2 4 |a Quality of Life Research. 
700 1 |a Barach, Paul R.  |e editor. 
700 1 |a Jacobs, Jeffery P.  |e editor. 
700 1 |a Lipshultz, Steven E.  |e editor. 
700 1 |a Laussen, Peter C.  |e editor. 
710 2 |a SpringerLink (Online service) 
773 0 |t Springer eBooks 
776 0 8 |i Printed edition:  |z 9781447165866 
856 4 0 |u http://dx.doi.org/10.1007/978-1-4471-6587-3  |z Full Text via HEAL-Link 
912 |a ZDB-2-SME 
950 |a Medicine (Springer-11650)